000 002840000a22000970004500
100 1 _aBonilla A., Plutarco
245 1 0 _aPues no. Ni en inglés ni en castellano, sino en griego
300 _aVol. 54, Núm 241 (1999), Páginas 17-20
773 0 _tLa Biblia de las Américas
942 _cANA
999 _c51530
_d51530